000 01185cam a22003498a 4500
001 16014919
003 OSt
005 20140310182719.0
008 091209s2011 nyu 001 0 eng
010 _a 2009049581
020 _a9780073516783 (alk. paper)
020 _a9780071078788
040 _aDLC
_cDLC
050 0 0 _aQA 76.5
_b.Ol4286 2011
100 1 _aO'Leary, Timothy J.,
_d1947-
245 1 0 _aComputing essentials 2011 :
_bmaking it work for you /
_cTimothy J. O'Leary, Linda I. O'Leary.
250 _aComplete ed.
260 _aNew York :
_bMcGraw-Hill,
_c2011.
263 _a1111
300 _a515 p. :
_bill. ;
_c27 cm.
490 0 _aThe o'leary series
500 _aIncludes index.
521 _aIT
650 0 _aComputers.
650 0 _aElectronic data processing.
700 1 _aO'Leary, Linda I.
906 _a0
_bacq
_corignew
_d1
_eecip
_f20
_gz-acqworks
942 _2lcc
_cBK
_kFOR
999 _c15314
_d15314